| 000 | 00942cam a2200289 a 4500 | ||
|---|---|---|---|
| 001 | 1393124 | ||
| 003 | ARRUPE | ||
| 005 | 20131127175543.0 | ||
| 008 | 831019s1981 fr b 000 0 fre | ||
| 010 | _a 82132004 | ||
| 020 |
_a2850492248 : _c27.00F |
||
| 040 |
_aDLC _cDLC _dDLC |
||
| 050 | 0 | 0 |
_aPR9372.9B42 _bZ82 1981 |
| 082 | 0 | 0 |
_a843 _219 |
| 100 | 1 |
_aMouralis, Bernard. _94325 |
|
| 245 | 1 | 0 |
_aComprendre l'œuvre de Mongo Beti / _cBernard Mouralis. |
| 260 |
_aIssy les Moulineaux : _bClassiques africains, _cc1981. |
||
| 300 |
_a127 p. ; _c21 cm. |
||
| 490 | 1 |
_aComprendre, _x0184-3222 |
|
| 504 | _aBibliography: p. 122-125. | ||
| 600 | 1 | 0 |
_aBeti, Mongo, _d1932-2001 _xCriticism and interpretation. _94326 |
| 651 | 0 |
_aAfrica _xIn literature. _94327 |
|
| 740 | 0 | _aŒuvre de Mongo Beti. | |
| 830 | 0 |
_aComprendre (Classiques africains (Firm)) _94328 |
|
| 906 |
_a7 _bcbc _corignew _d4 _encip _f19 _gy-gencatlg |
||
| 942 |
_2lcc _cMONOGRAPH |
||
| 999 |
_c118826 _d118826 |
||